Common Knowledge #34 - Statistics

General Stats
  • This quiz has been taken 741 times
  • The average score is 15 of 20
Answer Stats
Hint Answer % Correct
What type of weapon does Thor carry? Hammer
97%
Spiders have 8 legs and 8 ____? Eyes
94%
In what galaxy is our solar system located? Milky Way
93%
What ancient nation was led by pharaohs? Egypt
90%
Where did Peter Pan live? Neverland
88%
What does the A stand for in A-Bomb? Atomic
85%
Who crossed the road to get to the other side? Chicken
85%
What word can mean either "a student" or "a part of the eye"? Pupil
85%
What religion has the most followers in India? Hinduism
81%
What word often comes after baby, bridal, and meteor? Shower
80%
5 + 7 * 3 + 4 + 6 * 2 42
79%
What is either an exclusive sport or a Ralph Lauren brand? Polo
78%
What is the square root of 625? 25
74%
What does the prefix "neo" mean? New
68%
What type of bird is considered a national symbol of New Zealand? Kiwi
67%
What substance was once used to make billiard balls and piano keys? Ivory
66%
What substance is also known as "black gold"? Oil
61%
If two's company, what is three? A crowd
60%
What is frozen carbon dioxide called? Dry Ice
57%
What country was formerly known as Siam? Thailand
47%
No matching quizzes found
Score Distribution
Percent of People with Each Score
Percentile by Number Answered
Your Score History
You have not taken this quiz